Sense & sensibility, (Record no. 173034)

000 -LEADER
fixed length control field 00911cam a2200277u 4500
001 - CONTROL NUMBER
control field 9707749
003 - CONTROL NUMBER IDENTIFIER
control field Nust
005 - DATE AND TIME OF LATEST TRANSACTION
control field 20170117153439.0
008 - FIXED-LENGTH DATA ELEMENTS--GENERAL INFORMATION
fixed length control field 830419s1931 enk 000 1 eng
010 ## - LIBRARY OF CONGRESS CONTROL NUMBER
LC control number 36037053
020 ## - INTERNATIONAL STANDARD BOOK NUMBER
International Standard Book Number 9780141439662
040 ## - CATALOGING SOURCE
Original cataloging agency DLC
Transcribing agency CarP
Modifying agency DLC
050 00 - LIBRARY OF CONGRESS CALL NUMBER
Classification number AC1
Item number .E8 no. 21
082 ## - DEWEY DECIMAL CLASSIFICATION NUMBER
Classification number 823
Author Mark AUS
100 1# - MAIN ENTRY--PERSONAL NAME
Personal name Austen, Jane,
Dates associated with a name 1775-1817.
240 10 - UNIFORM TITLE
Uniform title Sense and sensibility
245 10 - TITLE STATEMENT
Title Sense & sensibility,
260 ## - PUBLICATION, DISTRIBUTION, ETC.
Place of publication, distribution, etc. London & Toronto,
Name of publisher, distributor, etc. J. M. Dent & sons, ltd.;
Place of publication, distribution, etc. New York,
Name of publisher, distributor, etc. E. P. Dutton & co.
Date of publication, distribution, etc. 2003
300 ## - PHYSICAL DESCRIPTION
Extent xviii, 409 p.
Dimensions 18 cm.
650 #0 - SUBJECT ADDED ENTRY--TOPICAL TERM
Topical term or geographic name entry element Inheritance and succession
Form subdivision Fiction.
650 #0 - SUBJECT ADDED ENTRY--TOPICAL TERM
Topical term or geographic name entry element Social classes
Form subdivision Fiction.
650 #0 - SUBJECT ADDED ENTRY--TOPICAL TERM
Topical term or geographic name entry element Young women
Form subdivision Fiction.
650 #0 - SUBJECT ADDED ENTRY--TOPICAL TERM
Topical term or geographic name entry element Sisters
Form subdivision Fiction.
651 #0 - SUBJECT ADDED ENTRY--GEOGRAPHIC NAME
Geographic name England
Form subdivision Fiction.
655 #7 - INDEX TERM--GENRE/FORM
Genre/form data or focus term Domestic fiction.
Source of term lcsh
655 #7 - INDEX TERM--GENRE/FORM
Genre/form data or focus term Love stories.
Source of term gsafd
906 ## - LOCAL DATA ELEMENT F, LDF (RLIN)
a 0
b cbc
c premunv
d u
e ncip
f 19
g y-gencatlg
942 ## - ADDED ENTRY ELEMENTS (KOHA)
Source of classification or shelving scheme
Koha item type Book
Holdings
Withdrawn status Lost status Source of classification or shelving scheme Damaged status Not for loan Collection code Permanent Location Current Location Shelving location Date acquired Total Checkouts Total Renewals Full call number Barcode Date last seen Date last checked out Copy number Price effective from Koha item type
            Central Library (CL) Central Library (CL) Fiction 01/17/2017 4 9 823 AUS CL2660 03/11/2026 02/28/2026 1 01/17/2017 Book
© 2023 Central Library, National University of Sciences and Technology. All Rights Reserved.